| 000 | 00433nam a2200181Ia 4500 | ||
|---|---|---|---|
| 005 | 20250423095639.0 | ||
| 008 | 250422s9999 xx 000 0 und d | ||
| 020 | _a0385170122 | ||
| 050 | _aHF 5500 .2 .M658/ | ||
| 100 | _aMoskowitz, Robert | ||
| 245 | 0 | _aHow to organize your work and your life | |
| 260 | _aNew York | ||
| 260 | _bA Dolphin Book | ||
| 260 | _c1981 | ||
| 300 | _a342 p | ||
| 650 | _aManagement | ||
| 942 | _cBK | ||
| 999 |
_c30908 _d30908 |
||